Essais sur l'histoire des religions / (Record no. 160345)

MARC details
000 -LEADER
campo de control de longitud fija 00767nam a22002055i 4500
001 - NÚMERO DE CONTROL
campo de control 160345
003 - IDENTIFICADOR DE NÚMERO DE CONTROL
campo de control ES-MaACL
005 - FECHA Y HORA DE LA ÚLTIMA TRANSACCIÓN
campo de control 20250728103910.0
008 - DATOS DE LONGITUD FIJA--INFORMACIÓN GENERAL
campo de control de longitud fija 011023s1879 fr |||| | fre d
040 ## - FUENTE DE CATALOGACIÓN
Centro catalogador/agencia de origen CAM
Lengua de catalogación spa
Centro/agencia transcriptor CAM
100 0# - ENTRADA PRINCIPAL--NOMBRE DE PERSONA
Nombre de persona Müller, Friedrich Max.
9 (RLIN) 84122
245 10 - MENCIÓN DEL TÍTULO
Título Essais sur l'histoire des religions /
Mención de responsabilidad, etc. par Max Müller: ouvrage traduit de l'anglais avec l'autorisation de l'auteur par George Harris.
250 ## - MENCION DE EDICION
Mención de edición 3e éd.
260 ## - PUBLICACIÓN, DISTRIBUCIÓN, ETC.
Lugar de publicación, distribución, etc. Paris :
Nombre del editor, distribuidor, etc. Didier et c\pie\s libraires-éditeurs,
Fecha de publicación, distribución, etc. 1879 (
Fabricante Typographie A. Lahure)
300 ## - DESCRIPCIÓN FÍSICA
Extensión XL, 524 p. ;
Dimensiones 19 cm.
650 #7 - PUNTO DE ACCESO ADICIONAL DE MATERIA--TÉRMINO DE MATERIA
Término de materia o nombre geográfico como elemento de entrada Religión-
Subdivisión general Historia
Fuente del encabezamiento o término
9 (RLIN) 136820
700 11 - ENTRADA AGREGADA--NOMBRE PERSONAL
Nombre de persona Harris, George,
Término indicativo de función/relación
9 (RLIN) 127793
852 ## - LOCALIZACIÓN
Ubicación ES-MaACL
Número de control de estantería F-10566
Nota libre -- Enc. pasta española
Holdings
Estatus retirado Estado de pérdida Estado de daño No para préstamo Colección Biblioteca de origen Biblioteca actual Ubicación en estantería Fecha de adquisición Fuente de adquisición Total de préstamos Signatura topográfica completa Código de barras Visto por última vez Precio de reemplazo Tipo de ítem Koha
        Libros del s. XIX Biblioteca del Ateneo de Madrid Biblioteca del Ateneo de Madrid Sala Pecera Planta 2 17/01/2008     F-10566 1167893 23/02/2023 23/02/2023 Libro impreso antiguo